Регионална библиотека "Любен Каравелов" - Русе

Поточе (Запис номер 141938)

MARC детайли
000 -Лидер
Контролно поле с фиксирана дължина 01907nam a2200397 a 4500
003 - Код на организацията, давaща контролен номер
Контролно поле BLK
005 - Дата и час на последна редакция
Контролно поле 20231031091344.0
008 - Елементи от данни с фиксирана дължина
fixed length control field 180409b bul|||||r ||||||| ||bul||
010 ## - Наследен системен номер
LC control number KNG00148014000
040 ## - Източник на каталожния запис
Идентификатор на билиотеката - собственик на записа BLK
041 ## - Код за език
Код за езика на текст/звукозапис или на отделно заглавие Български
Код за езика КДБФ Български
080 ## - УДК
Текстов определител УДК Българска литература
УДК код - определител по УДК 821.163.2
УДК определител -93-1
УДК - код + определител 821.163.2-93-1
100 1# - Редна дума - Автор
Автор Симеонов, Трайко
Авторска отговорност първи автор
Автор - информация (биография) Симеонов, Трифон Стоянов
R(LIN) 367526
139 ## - Редно поле
Редна дума Симеонов, Трайко
Авторски знак Сим - С 37
245 10 - Сведения за заглавието
Заглавие Поточе
Подзаглавни данни Стихотворения за деца
Редно поле (дума) Трайко Симеонов; нарис. Кимон Георгиев Стоянов; състав. и предг. от Благовеста Йорданова Касабова; * Трифон Стоянов Симеонов.
257 ## - Страна на издаване
Страна на създаване/издаване България
260 ## - Област на издателските данни
Име на издателя, разпространителя и проч. Отечество
Година на издаване 1990
Място на издаване, разпространение и проч. София
300 ## - Физическа характеристика
Страници 120 с.
Илюстрации и др. с цв. ил.
Размери/Мащаб 19 см
380 ## - Жанр
Жанр Детска худож. лит.
490 ## - СЕРИИ (Колекции)
Име на серия Масова библиотека Пчелица
9 (RLIN) 205275
490 1# - СЕРИИ (Колекции)
Име на серия Българско литературно наследство за деца и юноши
500 ## - Общи забележки
Забележка 45 067 тир. - Трайко Симеонов е псевд. на Трифон Стоян Симеонов.
653 ## - Ключова дума – ненормативна
Ключова дума литература за деца
653 ## - Ключова дума – ненормативна
Ключова дума детска литература
700 1# - Други автори (авторска отговорност)
Лично име Стоянов, Кимон Георгиев
Автороска отговорност (Описва отношението между автора и произведението) нарис.
9 (RLIN) 327506
700 ## - Други автори (авторска отговорност)
Лично име Касабова, Благовеста Йорданова
9 (RLIN) 368545
700 1# - Други автори (авторска отговорност)
Лично име Симеонов, Трифон Стоянов
Автороска отговорност (Описва отношението между автора и произведението) *
9 (RLIN) 276556
852 ## - Местоположение
Форматна сигнатура Цб 262271
856 4# - Електронен адрес и достъп
Електронен формат pdf - файл
Инструкция (цена за достъп) 0.00
Права за достъп disable
856 4# - Електронен адрес и достъп
Електронен формат pdf - файл
Инструкция (цена за достъп) 0.00
Права за достъп disable
999 ## - СИСТЕМНИ КОНТРОЛНИ НОМЕРА
Koha biblionumber 141938
Koha biblioitemnumber 141938
942 ## - АРТИКУЛИ
Вид на библиотечния материал Книги
Скрит в OPAC Не
Периодичен библиозапис Да
944 ## - СЪЗДАВАНЕ И РЕДАКЦИЯ на ЗАПИСА
Създаване/Редакция Създаване
Дата на регистрацията/редакция 01.08.2013
Статус, дата на статуса Кети Илиева
Служител, извършил регистрацията/редакцията 30550
944 ## - СЪЗДАВАНЕ И РЕДАКЦИЯ на ЗАПИСА
Създаване/Редакция Редакция
Дата на регистрацията/редакция 20.09.2017
Статус, дата на статуса ф / 01.08.2013
Служител, извършил регистрацията/редакцията Милена_Ачева
999 ## - СИСТЕМНИ КОНТРОЛНИ НОМЕРА
Koha biblioitemnumber 141938
999 ## - СИСТЕМНИ КОНТРОЛНИ НОМЕРА
Koha biblioitemnumber 141938
Наличности
Код за отписване Код за изгубен артикул Източник на класификационната схема Код за повреда Коз за рестрикции Код за отдаване Артикулен № Име на библиотеката - собственик Име на библиотеката, в която се намира в момента Статус (Текущо местоположение) Дата на вписване в системата Местоположение - отдел Цена в лева Инвентарен номер Систематично азбучна сигнатура Баркод Номер на екземпляра Цена в евро Служебна бележка Служебен тип на артикула Бележка за публиката
  Не е изгубен Universal Decimal Classification Не е повреден без рестрикции ползва се в читалня 234257 Регионална библиотека "Любен Каравелов" Русе Регионална библиотека "Любен Каравелов" Русе Хранилище 1990-01-01 Хранилище 2.38 536453 Цб 262271 120000536453 1 1.22 Вид: Сф N: стар фонд Дата: 01.01.1990 Книги  
  Не е изгубен Universal Decimal Classification Не е повреден без рестрикции заемане за дома 234258 Регионална библиотека "Любен Каравелов" Русе Регионална библиотека "Любен Каравелов" Русе Детски отдел 1990-01-01 Детски отдел 2.38 537031 ДХ 886.7/С 37 120000537031 2 1.22 Вид: Сф N: стар фонд Дата: 01.01.1990 Дата инв: 05.08.2015 Бележки инв: Д2015 Книги  
Изтеглен Не е изгубен   Не е повреден без рестрикции заемане за дома 234259 Регионална библиотека "Любен Каравелов" Русе Регионална библиотека "Любен Каравелов" Русе   1990-01-01 Детски отдел 2.38 537032 ДХ 886.7/С 37 537032 3 1.22 Вид: Сф N: стар фонд Дата: 01.01.1990 Дата инв: 25.09.2015 Бележки инв: Д2015 Книги Отч.N: 28/2017 , Дата: 16.08.2017
Изтеглен Не е изгубен Universal Decimal Classification Не е повреден без рестрикции заемане за дома 234260 Регионална библиотека "Любен Каравелов" Русе Регионална библиотека "Любен Каравелов" Русе Детски отдел 1990-01-01 Детски отдел 2.38 537033 ДХ 886.7/С 37 537033 4 1.22 Вид: Сф N: стар фонд Дата: 01.01.1990 Дата инв: 25.09.2015 Бележки инв: Д2015 Книги  
Изтеглен Не е изгубен   Не е повреден без рестрикции заемане за дома 234261 Регионална библиотека "Любен Каравелов" Русе Регионална библиотека "Любен Каравелов" Русе   1990-01-01 Детски отдел 2.38 537034 ДХ 886.7/С 37 537034 5 1.22 Вид: Сф N: стар фонд Дата: 01.01.1990 Дата инв: 25.09.2015 Бележки инв: Д2015 Книги Отч.N: 28/2017 , Дата: 16.08.2017
Изтеглен Не е изгубен   Не е повреден без рестрикции заемане за дома 234262 Регионална библиотека "Любен Каравелов" Русе Регионална библиотека "Любен Каравелов" Русе   1990-01-01 Детски отдел 2.38 537035 ДХ 886.7/С 37 537035 6 1.22 Вид: Сф N: стар фонд Дата: 01.01.1990 Дата инв: 25.09.2015 Бележки инв: Д2015 Книги Отч.N: 30/2017 , Дата: 01.09.2017
Изтеглен Не е изгубен   Не е повреден без рестрикции заемане за дома 234263 Регионална библиотека "Любен Каравелов" Русе Регионална библиотека "Любен Каравелов" Русе   1990-01-01 Детски отдел 2.39 624654 ДХ 886.7/С 37 624654 7 1.22 Вид: Сф N: стар фонд Дата: 01.01.1990 Дата инв: 25.09.2015 Бележки инв: Д2015 Книги Отч.N: 30/2017 , Дата: 01.09.2017
Vip Innovations Ltd, Rousse, Bulgaria 2025